[Event "Collado Villalba op 39th"]
[Site "Collado Villalba"]
[Date "2022.08.21"]
[Round "2"]
[White "Bahillo Vallejo, Ignacio"]
[Black "Quispe Arteaga, Gabriel"]
[Result "0-1"]
[WhiteElo "1977"]
[BlackElo "2372"]
[PlyCount "68"]
[EventDate "2022.08.20"]
[EventType "swiss"]
[EventRounds "9"]
[EventCountry "ESP"]
[SourceTitle "EXT 2023"]
[Source "ChessBase"]
[SourceDate "2022.10.05"]
[SourceVersion "1"]
[SourceVersionDate "2022.10.05"]
[SourceQuality "1"]

1. d4 Nf6 2. Bf4 c5 3. e3 Qb6 4. b3 g6 5. Nf3 Bg7 6. h3 Nc6 7. c3 0-0 8. Nbd2 Nd5 9. Nc4 Qd8 10. Qd2 Nxf4 11. exf4 cxd4 12. Nxd4 d5 13. Nxc6 bxc6 14. Ne5 Qc7 15. Nd3 Bf5 16. Rc1 Rad8 17. Be2 Bh6 18. g3 Rfe8 19. Ne5 f6 20. Ng4 Bg7 21. 0-0 h5 22. Ne3 Bxh3 23. Rfe1 e5 24. f5 d4 25. cxd4 exd4 26. Nc2 Bxf5 27. Nxd4 Kh7 28. Qc3 Bh6 29. Rcd1 Re3 30. Bd3 Rxg3+ 31. fxg3 Qxg3+ 32. Kh1 Qh3+ 33. Kg1 Be3+ 34. Rxe3 Qxe3+ 0-1

[Event "Colmenarejo Autumn op 29th"]
[Site "Colmenarejo"]
[Date "2019.09.29"]
[Round "3"]
[White "Bahillo Vallejo, Ignacio"]
[Black "Garcia Fernandez, Jose Luis"]
[Result "0-1"]
[WhiteElo "1721"]
[BlackElo "1776"]
[PlyCount "70"]
[EventDate "2019.09.15"]
[EventType "swiss"]
[EventRounds "7"]
[EventCountry "ESP"]
[SourceTitle "EXT 2021"]
[Source "ChessBase"]
[SourceDate "2020.10.23"]
[SourceVersion "1"]
[SourceVersionDate "2020.10.23"]
[SourceQuality "1"]

1. d4 d5 2. Bf4 c6 3. Nf3 Qb6 4. Qc1 Nf6 5. Nbd2 Bf5 6. e3 Nbd7 7. c4 e6 8. a3 h6 9. Qc3 Be7 10. Ne5 0-0 11. Nxd7 Nxd7 12. c5 Qd8 13. Bd3 Bxd3 14. Qxd3 e5 15. Bg3 e4 16. Qe2 Nf6 17. Be5 Qd7 18. Bxf6 Bxf6 19. Nf1 g6 20. g4 b6 21. Rc1 Rab8 22. Ng3 bxc5 23. Rxc5 Rb5 24. Rc2 Rb3 25. 0-0 Rfb8 26. Rd1 R8b6 27. h3 Qb7 28. Rdd2 Kg7 29. Kg2 Bg5 30. Nf1 R6b5 31. Nh2 Bd8 32. Qd1 Rxb2 33. Rxb2 Rxb2 34. Rxb2 Qxb2 35. Qa4 Bh4 0-1

[Event "Collado Villalba op-B 36th"]
[Site "Collado Villalba"]
[Date "2019.08.31"]
[Round "9"]
[White "Bahillo Vallejo, Ignacio"]
[Black "Martin Garcia, Luis"]
[Result "1/2-1/2"]
[WhiteElo "1721"]
[BlackElo "1649"]
[PlyCount "40"]
[EventDate "2019.08.23"]
[EventType "swiss"]
[EventRounds "9"]
[EventCountry "ESP"]
[SourceTitle "CBM 192 Extra"]
[Source "Chessbase"]
[SourceDate "2019.11.06"]
[SourceVersion "1"]
[SourceVersionDate "2019.11.06"]
[SourceQuality "1"]

1. d4 d5 2. Bf4 Nf6 3. Nf3 e6 4. e3 c5 5. c3 Nc6 6. Bd3 Bd6 7. Bg3 0-0 8. Nbd2 Qe7 9. 0-0 Bxg3 10. hxg3 e5 11. dxe5 Nxe5 12. Nxe5 Qxe5 13. Nf3 Qe7 14. Bc2 Bg4 15. Qd3 Rad8 16. Rfe1 g6 17. Nh2 Bf5 18. Qd2 Bxc2 19. Qxc2 Rd7 20. Rad1 Rfd8 1/2-1/2

[Event "Collado Villalba op-B 36th"]
[Site "Collado Villalba"]
[Date "2019.08.29"]
[Round "7"]
[White "Bahillo Vallejo, Ignacio"]
[Black "Rodriguez Sanchez, Juan Carlos"]
[Result "1-0"]
[WhiteElo "1721"]
[BlackElo "1616"]
[PlyCount "64"]
[EventDate "2019.08.23"]
[EventType "swiss"]
[EventRounds "9"]
[EventCountry "ESP"]
[SourceTitle "CBM 192 Extra"]
[Source "Chessbase"]
[SourceDate "2019.11.06"]
[SourceVersion "1"]
[SourceVersionDate "2019.11.06"]
[SourceQuality "1"]

1. d4 d5 2. Bf4 e6 3. Nf3 Bd6 4. Bg3 c5 5. e3 Bxg3 6. hxg3 Qb6 7. Qc1 Nf6 8. Nbd2 cxd4 9. exd4 Nc6 10. c3 0-0 11. Bd3 h6 12. Nb3 e5 13. dxe5 Ng4 14. 0-0 Ngxe5 15. Nxe5 Nxe5 16. Qd2 Bd7 17. Rfe1 Rfe8 18. Bf1 Bc6 19. Qd4 Qxd4 20. Nxd4 a6 21. Rad1 Kf8 22. Rd2 a5 23. Red1 g6 24. Bb5 Rac8 25. Kf1 a4 26. Nxc6 bxc6 27. Bxa4 Nc4 28. Rc2 Rb8 29. Bxc6 Nxb2 30. Rxd5 Re6 31. Rb5 Rd8 32. Bd5 Red6 1-0

[Event "Collado Villalba op-B 36th"]
[Site "Collado Villalba"]
[Date "2019.08.25"]
[Round "3"]
[White "Bahillo Vallejo, Ignacio"]
[Black "Reyes Garcia, Gilberto"]
[Result "1-0"]
[WhiteElo "1721"]
[BlackElo "1482"]
[PlyCount "165"]
[EventDate "2019.08.23"]
[EventType "swiss"]
[EventRounds "9"]
[EventCountry "ESP"]
[SourceTitle "CBM 192 Extra"]
[Source "Chessbase"]
[SourceDate "2019.11.06"]
[SourceVersion "1"]
[SourceVersionDate "2019.11.06"]
[SourceQuality "1"]

1. d4 d5 2. Bf4 Nf6 3. Nf3 Bg4 4. e3 e6 5. Nbd2 Bd6 6. Bg3 Ne4 7. Be2 Nxd2 8. Qxd2 0-0 9. Ne5 Bxe2 10. Qxe2 Nd7 11. Nd3 Nf6 12. Bh4 Be7 13. f3 Nd7 14. Bf2 c5 15. c3 cxd4 16. exd4 Rc8 17. 0-0 Re8 18. f4 Nf6 19. Be3 Ne4 20. Nf2 Nd6 21. Rae1 Bh4 22. g3 Bf6 23. Bc1 Qa5 24. a3 Qd8 25. Kg2 Kh8 26. Qc2 Bxd4 27. Qa4 Bxf2 28. Rxf2 Ne4 29. Rfe2 a6 30. Be3 Rc4 31. Qb3 b5 32. Bd4 f6 33. Rd1 Qc8 34. Qc2 e5 35. fxe5 fxe5 36. Bg1 Qa8 37. Qd3 Nf6 38. Qf3 e4 39. Qf5 Qc8 40. Qg5 Qg4 41. Qxg4 Nxg4 42. Rxd5 Kg8 43. Bd4 Rc6 44. Rf5 Nh6 45. Rf1 Nf7 46. h4 g6 47. g4 Rce6 48. Kg3 Nd6 49. b3 h5 50. gxh5 Nf5+ 51. Kg4 Nxd4 52. cxd4 gxh5+ 53. Kxh5 R8e7 54. Kg4 e3 55. Rf3 Re4+ 56. Kh3 Rh7 57. Rg2+ Rg7 58. Re2 Rh7 59. Rfxe3 Rexh4+ 60. Kg2 Rh2+ 61. Kf3 R2h3+ 62. Ke4 Rxe3+ 63. Rxe3 Kf7 64. Kd5 Rh6 65. Kc5 Rg6 66. d5 Rg5 67. Kc6 Rg1 68. d6 Rc1+ 69. Kb7 a5 70. d7 Rd1 71. Kc7 Rc1+ 72. Kb6 Rd1 73. Kc7 Rc1+ 74. Kb6 Rd1 75. Kxb5 Rxd7 76. Kxa5 Ra7+ 77. Kb4 Rb7+ 78. Kc3 Rc7+ 79. Kb2 Kf6 80. b4 Rd7 81. b5 Rd1 82. a4 Rd4 83. Kb3 1-0

[Event "Madrid-ch U16"]
[Site "Madrid"]
[Date "2019.03.31"]
[Round "3"]
[White "Guillo Longares, Cecilia"]
[Black "Bahillo Vallejo, Ignacio"]
[Result "1-0"]
[WhiteElo "1935"]
[BlackElo "1651"]
[PlyCount "53"]
[EventDate "2019.03.30"]
[EventType "swiss"]
[EventRounds "6"]
[EventCountry "ESP"]
[SourceTitle "EXT 2021"]
[Source "ChessBase"]
[SourceDate "2020.10.23"]
[SourceVersion "1"]
[SourceVersionDate "2020.10.23"]
[SourceQuality "1"]

1. d4 d5 2. c4 c6 3. Nc3 Nf6 4. Nf3 Bf5 5. Bf4 e6 6. e3 Bd6 7. Bxd6 Qxd6 8. cxd5 cxd5 9. Qa4+ Nbd7 10. Nb5 Qb6 11. Qa3 Ne4 12. Rc1 Kd8 13. Bd3 a6 14. 0-0 Rb8 15. Bxe4 Qxb5 16. Bxf5 exf5 17. Qd6 Qb6 18. Qxd5 Qe6 19. Qa5+ Ke7 20. Rc7 Rhc8 21. Ne5 Rxc7 22. Qxc7 Qd6 23. Rc1 Qxc7 24. Rxc7 Rd8 25. Rxb7 Ke6 26. Nxd7 Rxd7 27. Rxd7 1-0

[Event "Colmenarejo Autumn op 25th"]
[Site "Colmenarejo"]
[Date "2018.10.14"]
[Round "5"]
[White "Bahillo Vallejo, Ignacio"]
[Black "Centeno Mendoza, Julio Stefano"]
[Result "0-1"]
[WhiteElo "1415"]
[BlackElo "1574"]
[PlyCount "106"]
[EventDate "2018.09.16"]
[EventType "swiss"]
[EventRounds "7"]
[EventCountry "ESP"]
[SourceTitle "CBM 187 Extra"]
[Source "ChessBase"]
[SourceDate "2018.11.04"]
[SourceVersion "1"]
[SourceVersionDate "2018.11.04"]
[SourceQuality "1"]

1. b4 e5 2. Bb2 Bxb4 3. Bxe5 Nf6 4. e3 Nc6 5. Bb2 d5 6. Nf3 Bf5 7. Be2 0-0 8. 0-0 Qd7 9. c4 Rad8 10. Bxf6 gxf6 11. d4 Kh8 12. c5 Rg8 13. Nh4 Rg7 14. Bf3 Bh3 15. Kh1 Rdg8 16. Rg1 Bg4 17. Nd2 Bxd2 18. Qxd2 Bxf3 19. Nxf3 Qg4 20. Qd1 Ne7 21. Nd2 Qf5 22. Qf3 Qc2 23. Nb3 f5 24. g3 b6 25. Rgc1 Qe4 26. Qxe4 fxe4 27. cxb6 cxb6 28. Rc7 Nf5 29. Rxa7 h5 30. Nc1 h4 31. Ne2 hxg3 32. Nxg3 Nh4 33. Rc7 Nf3 34. Rc6 Rh7 35. Kg2 Rxh2+ 36. Kf1 Rxg3 37. fxg3 Rh1+ 38. Kg2 Rxa1 39. Rxb6 Rxa2+ 40. Kh3 Re2 41. Rb3 Rd2 42. Rb5 Rd3 43. Rxd5 Rxe3 44. Rf5 Kg7 45. d5 Kg6 46. Rf4 Ng5+ 47. Kg4 f5+ 48. Rxf5 Rxg3+ 49. Kxg3 Kxf5 50. Kf2 Ke5 51. Ke3 Kxd5 52. Kd2 Kd4 53. Ke2 Nf3 0-1

[Event "Colmenarejo Spring op 24th"]
[Site "Colmenarejo"]
[Date "2018.06.03"]
[Round "4"]
[White "Anton Ortiz, Javier"]
[Black "Bahillo Vallejo, Ignacio"]
[Result "0-1"]
[WhiteElo "1210"]
[BlackElo "1311"]
[PlyCount "128"]
[EventDate "2018.05.13"]
[EventType "swiss"]
[EventRounds "7"]
[EventCountry "ESP"]
[SourceTitle "EXT 2019"]
[Source "ChessBase"]
[SourceDate "2018.10.10"]
[SourceVersion "1"]
[SourceVersionDate "2018.10.10"]
[SourceQuality "1"]

1. e4 d5 2. exd5 Qxd5 3. Nc3 Qa5 4. d4 c6 5. Nf3 Bg4 6. Be2 Nf6 7. 0-0 e6 8. a3 Nbd7 9. Be3 Be7 10. b4 Qc7 11. Qd2 0-0 12. h3 Bh5 13. Bg5 Rfc8 14. Bf4 Bd6 15. Bxd6 Qxd6 16. Rfe1 Nd5 17. Nxd5 cxd5 18. Ne5 Bg6 19. Nxg6 hxg6 20. a4 Rc7 21. a5 Rac8 22. Rac1 Rc3 23. Bb5 Nf6 24. Re3 Qxb4 25. Rxc3 Rxc3 26. Be2 Qxa5 27. Qf4 Qc7 28. Qxc7 Rxc7 29. c4 b6 30. g4 dxc4 31. Rxc4 Rxc4 32. Bxc4 Ne4 33. Kg2 Kf8 34. f3 Nd6 35. Bb3 b5 36. d5 exd5 37. Bxd5 b4 38. Kf2 Ke7 39. Ke3 Kf6 40. Kd4 Nb5+ 41. Kc5 Nc3 42. Bc4 a5 43. Bb3 Ke7 44. Bc4 f5 45. Bb3 Kf6 46. Bc4 Kg5 47. Bf7 fxg4 48. hxg4 Kf4 49. Bxg6 Kxf3 50. Bf5 Ke3 51. Kc4 Ne4 52. Kb3 Kf4 53. Kc4 Nd6+ 54. Kb3 Nxf5 55. gxf5 Kxf5 56. Ka4 g5 57. Kxa5 b3 58. Kb5 b2 59. Kc4 b1Q 60. Kd4 g4 61. Kc5 g3 62. Kc4 g2 63. Kc3 g1Q 64. Kd2 Qge1# 0-1